MARC

LEADER 00000nas a2200000 a 4500
001 ssj0000399766
003 WaSeSS
005 20200512172242.0
006 m d
007 cr n
008 081121c20099999nz an s 0 a0eng c
010 |a  2012254634 
016 7 |a 2587469-X  |2 DE-600 
022 |a 1179-1497  |l 1179-1497 
035 |a (WaSeSS)ssj0000399766 
040 |a NZ1  |b eng  |c NZ1  |d OCLCQ  |d HEBIS  |d NTE  |d OCLCQ  |d CUV  |d GPM  |d CUS  |d OCLCF  |d EUW  |d OCLCQ  |d CASUM  |d OCLCQ  |d XFH  |d OCLCQ  |d CRU  |d MOW  |d AU@  |d WYU  |d VT2  |d WaSeSS 
042 |a pcc 
050 4 |a QR414.6.H58 
082 0 4 |a 616.979205  |2 22 
210 1 |a Neurobehav. HIV med. 
222 0 |a Neurobehavioral HIV medicine 
245 0 0 |a Neurobehavioral HIV medicine  |h [electronic resource]. 
246 3 |a Neurobehavioral Human Immunodeficiency Virus medicine 
260 |a [Auckland, N.Z.] :  |b Dove Medical Press,  |c ©2009- 
310 |a Annual 
362 1 |a Began with v. 1 (2009). 
500 |a Archived by the National Library of New Zealand. 
506 |a License restrictions may limit access. 
515 |a Articles added irregularly during the year and collected into annual issues. 
588 |a Description based on first issue; title from issue home page (viewed Feb. 9, 2010). 
588 |a Latest issue consulted: Vol. 4 (2012). 
650 0 |a HIV (Viruses)  |v Periodicals. 
650 0 |a HIV infections  |v Periodicals. 
650 0 |a HIV infections  |x Psychological aspects  |v Periodicals. 
650 0 |a Neurobehavioral disorders  |v Periodicals. 
650 7 |a HIV infections.  |2 fast  |0 (OCoLC)fst00949871 
650 7 |a HIV infections  |x Psychological aspects.  |2 fast  |0 (OCoLC)fst00949898 
650 7 |a HIV (Viruses)  |2 fast  |0 (OCoLC)fst00949837 
650 7 |a Neurobehavioral disorders.  |2 fast  |0 (OCoLC)fst01036314 
650 0 2 |a Humans. 
650 1 2 |a Acquired Immunodeficiency Syndrome. 
650 1 2 |a Neurobehavioral Manifestations. 
650 1 2 |a Neurology. 
655 0 |a Electronic journals. 
856 4 0 |z Full text available from Research Library: 01/01/2009 to 12/31/2013  |u https://search.proquest.com/publication/3933345 
856 4 0 |z Full text available from Research Library: 01/01/2015 to 01/31/2016  |u https://search.proquest.com/publication/3933345